|
|
|
|
| LEADER |
00000naa2a2200000 4500 |
| 001 |
619284 |
| 005 |
20250712062933.0 |
| 035 |
|
|
|a (RuTPU)RU\TPU\conf\17701
|
| 035 |
|
|
|a RU\TPU\conf\17697
|
| 090 |
|
|
|a 619284
|
| 100 |
|
|
|a 20160816d2016 k y0rusy50 ca
|
| 101 |
0 |
|
|a rus
|
| 102 |
|
|
|a RU
|
| 105 |
|
|
|a y z 101zy
|
| 135 |
|
|
|a drgn ---uucaa
|
| 181 |
|
0 |
|a i
|
| 182 |
|
0 |
|a b
|
| 200 |
1 |
|
|a Обеспечение технической безопасности пеналов с ОЯТ методом ультразвукового контроля
|f Т. С. Твердохлебова, А. М. Лидер, Я. А. Салчак
|
| 203 |
|
|
|a Текст
|c электронный
|
| 225 |
1 |
|
|a Актуальные вопросы ядерного нераспространения, безопасность и экология ядерной отрасли
|
| 300 |
|
|
|a Заглавие с экрана
|
| 320 |
|
|
|a [Библиогр.: с. 216 (2 назв.)]
|
| 463 |
|
0 |
|0 (RuTPU)RU\TPU\conf\17455
|t Физико-технические проблемы в науке, промышленности и медицине
|o сборник тезисов докладов VIII Международной научно-практической конференции, г. Томск, 1-3 июня 2016 г.
|f Национальный исследовательский Томский политехнический университет (ТПУ) ; под ред. О. Ю. Долматова [и др.]
|v [С. 215-216]
|d 2016
|
| 610 |
1 |
|
|a труды учёных ТПУ
|
| 610 |
1 |
|
|a электронный ресурс
|
| 610 |
1 |
|
|a техническая безопасность
|
| 610 |
1 |
|
|a отработанное ядерное топливо
|
| 610 |
1 |
|
|a ОЯТ
|
| 610 |
1 |
|
|a ультразвуковой контроль
|
| 610 |
1 |
|
|a атомная энергетика
|
| 610 |
1 |
|
|a ядерные топливные циклы
|
| 610 |
1 |
|
|a сварные соединения
|
| 700 |
|
1 |
|a Твердохлебова
|b Т. С.
|c специалист в области ядерных технологий
|c инженер Томского политехнического университета
|f 1994-
|g Тамара Сергеевна
|3 (RuTPU)RU\TPU\pers\45184
|9 21901
|
| 701 |
|
1 |
|a Лидер
|b А. М.
|c физик
|c профессор Томского политехнического университета, доктор технических наук
|f 1976-2025
|g Андрей Маркович
|y Томск
|3 (RuTPU)RU\TPU\pers\25616
|9 11545
|
| 701 |
|
1 |
|a Салчак
|b Я. А.
|c специалист в области неразрушающего контроля
|c техник-проектировщик Томского политехнического университета
|f 1992-
|g Яна Алексеевна
|3 (RuTPU)RU\TPU\pers\34513
|9 17894
|
| 712 |
0 |
2 |
|a Национальный исследовательский Томский политехнический университет
|b Физико-технический институт
|b Кафедра общей физики
|3 (RuTPU)RU\TPU\col\18734
|9 27183
|
| 712 |
0 |
2 |
|a Национальный исследовательский Томский политехнический университет
|b Инженерная школа неразрушающего контроля и безопасности
|b Центр промышленной томографии
|b Международная научно-образовательная лаборатория неразрушающего контроля
|3 (RuTPU)RU\TPU\col\19961
|9 27666
|
| 801 |
|
2 |
|a RU
|b 63413507
|c 20191114
|g RCR
|
| 856 |
4 |
|
|u http://earchive.tpu.ru/handle/11683/31124
|
| 942 |
|
|
|c BK
|